Pressburger Zeitung.
| Format: | Serial |
|---|---|
| Language: | English |
| Published: |
[s.l.]
[s.n.]
|
MARC
| LEADER | 00000nas a2200000 a 4500 | ||
|---|---|---|---|
| 001 | vtls009287104 | ||
| 003 | SK-MaSNL | ||
| 005 | 20260221121412.0 | ||
| 008 | 080418c mr1 0 0eng d | ||
| 040 | |a SNK |b slo |c SNK | ||
| 245 | 0 | 0 | |a Pressburger Zeitung. |
| 260 | |a [s.l.] |b [s.n.] | ||
| 500 | |a Popis podľa: R. 1864 | ||
| 910 | |a snk | ||
| 999 | |c 7591 |d 9521 | ||
| 952 | |0 0 |1 0 |3 rekatalogizácia |4 0 |7 0 |8 3 |a SNK |b SNK |d 2008-04-18 |i snkČSK 758/56 |l 0 |o snkČSA 521/1864 |p 17A0585392 |r 2026-02-21 21:01:25 |w 2026-02-21 |y PREZ | ||


